000 00169nam a22000857a 4500
999 _c12378
_d12378
082 _a658
100 _aW.Haynes
245 _aAn Outline of Business Management
942 _cBK